| 000 | 00637nam a22002057a 4500 | ||
|---|---|---|---|
| 003 | OSt | ||
| 005 | 20140310182114.0 | ||
| 008 | 130824t xxu||||| |||| 00| 0 eng d | ||
| 020 | _a0745150691 | ||
| 050 |
_aPR 2819 _b.Sh527 1990 |
||
| 082 |
_aHS 822.33T3 _bM898 1990 |
||
| 100 |
_aShakespeare, William _91777 |
||
| 245 |
_aKing Lear / _b[William Shakespeare] ; by Jennifer Mulherin and Abigail Frost; illustrations by Gwen Green |
||
| 260 |
_aBath, Avon : _bCherrytree Books, _cc1990. |
||
| 300 |
_a31 p. : _bill. : col. ; _c21 cm. |
||
| 650 |
_aKing _913638 |
||
| 650 |
_aShakespeare _913639 |
||
| 942 |
_2lcc _cHS _kHS |
||
| 999 |
_c9444 _d9444 |
||